[Event "GRE-ch U16"]
[Site "Chania"]
[Date "2003.04.23"]
[Round "6"]
[White "Fabas, N."]
[Black "Staboulis, Evangelos"]
[Result "1-0"]
[WhiteElo "1535"]
[BlackElo "1560"]
[PlyCount "65"]
[EventDate "2003.04.??"]
[EventType "swiss"]
[EventRounds "7"]
[EventCountry "GRE"]
[SourceTitle "EXT 2005"]
[Source "ChessBase"]
[SourceDate "2004.11.15"]
[SourceVersion "1"]
[SourceVersionDate "2004.11.15"]
[SourceQuality "1"]

1. e4 c5 2. d4 cxd4 3. c3 Nf6 4. e5 Nd5 5. Bc4 Nb6 6. Bb3 d5 7. cxd4 Nc6 8. Nc3 e6 9. Nge2 Be7 10. 0-0 0-0 11. Qd3 a6 12. Bc2 g6 13. Qg3 Kh8 14. Bh6 Rg8 15. Rad1 Bf8 16. Bg5 Be7 17. f4 Nb4 18. Bb1 Nc4 19. b3 Na3 20. Rf3 Nxb1 21. Rxb1 h5 22. Qh4 Bxg5 23. fxg5 Kg7 24. Rbf1 Qe7 25. Qf4 Rf8 26. g4 h4 27. Rh3 Rh8 28. Qf2 Qxg5 29. Qxf7+ Kh6 30. Rff3 Qd8 31. Rf6 Rg8 32. Rxh4+ Kg5 33. Qh7 1-0

[Event "GRE-ch U16"]
[Site "Chania"]
[Date "2003.04.22"]
[Round "4"]
[White "Fabas, N."]
[Black "Mihok, Marios"]
[Result "1-0"]
[WhiteElo "1535"]
[BlackElo "1555"]
[PlyCount "93"]
[EventDate "2003.04.??"]
[EventType "swiss"]
[EventRounds "7"]
[EventCountry "GRE"]
[SourceTitle "EXT 2005"]
[Source "ChessBase"]
[SourceDate "2004.11.15"]
[SourceVersion "1"]
[SourceVersionDate "2004.11.15"]
[SourceQuality "1"]

1. e4 e6 2. d4 d5 3. Nc3 dxe4 4. Nxe4 Nd7 5. Nf3 Ngf6 6. Bd3 Nxe4 7. Bxe4 Nf6 8. Bd3 c5 9. Be3 cxd4 10. Bxd4 Be7 11. 0-0 0-0 12. c3 b6 13. Qc2 h6 14. Rad1 Qe8 15. Nd2 Bb7 16. f3 Rc8 17. Ne4 Nd5 18. Qf2 f5 19. Qg3 Qf7 20. Nd2 Bc5 21. Bxc5 Rxc5 22. Nc4 Qc7 23. Qxc7 Rxc7 24. Rfe1 Rd8 25. Rxe6 Nxc3 26. bxc3 Rxc4 27. Bxc4 Rxd1+ 28. Re1+ Bd5 29. Rxd1 Bxc4 30. a3 a5 31. Rd7 a4 32. Kf2 b5 33. Ke3 Kh7 34. Rc7 Bf1 35. g3 Kg6 36. Kd4 Kf6 37. Kc5 g6 38. Rb7 Bg2 39. Rb6+ Kg5 40. f4+ Kh5 41. Kxb5 g5 42. fxg5 hxg5 43. Rf6 Kg4 44. c4 f4 45. gxf4 gxf4 46. c5 Kg5 47. Rf8 1-0

[Event "GRE-ch U14"]
[Site "Greece"]
[Date "2001.04.08"]
[Round "3"]
[White "Panagiotopoulos, Alexandros"]
[Black "Fabas, N."]
[Result "1-0"]
[WhiteElo "1990"]
[BlackElo "1545"]
[PlyCount "57"]
[EventDate "2001.04.??"]
[EventType "swiss"]
[EventRounds "7"]
[EventCountry "GRE"]
[SourceTitle "EXT 2003"]
[Source "ChessBase"]
[SourceDate "2002.11.25"]
[SourceVersion "1"]
[SourceVersionDate "2002.11.25"]
[SourceQuality "1"]

1. e4 e5 2. d4 exd4 3. Qxd4 Nc6 4. Qe3 Nf6 5. Nc3 Be7 6. Bd2 d5 7. exd5 Nxd5 8. Qg3 Nxc3 9. Bxc3 Bf6 10. Bxf6 Qxf6 11. 0-0-0 0-0 12. Bd3 Be6 13. a3 Rfb8 14. Nf3 b5 15. Be4 Bf5 16. Bxf5 Qxf5 17. Qxc7 Rc8 18. Qd7 Qf4+ 19. Qd2 Qa4 20. Rhe1 b4 21. Re4 Rab8 22. Kb1 a5 23. Qd3 Rd8 24. Qe2 Rxd1+ 25. Qxd1 Qb5 26. a4 Qxa4 27. Qe2 Na7 28. Re7 Ra8 29. Qc4 1-0